Ir para o conteúdo

Механика Твердого Тела Практикум Ч. 4 Механика Твердого Тела

Практикум подготовлен на кафедре общей физики физического факультета Воронежского государственного университета. Рекомендован студентам 1-го курса очной и 2-го курса очно-заочной форм обучения физического факультета Для направлений: 03.03.02 – Физика, 03.03.03 – Радиофизика, 11.03.04 – Электроника и...

ver descrição completa

Na minha lista:
Detalhes bibliográficos
Formato: Книга
Idioma:Russian
Publicado em: Воронеж ВГУ 2016
Acesso em linha:https://e.lanbook.com/book/165321
https://e.lanbook.com/img/cover/book/165321.jpg
Tags: Adicionar Tag
Sem tags, seja o primeiro a adicionar uma tag!
LEADER 01421nam0a2200217 i 4500
001 165321
003 RuSpLAN
005 20221220174117.0
008 221220s2016 ru gs 000 0 rus
040 |a RuSpLAN 
041 0 |a rus 
044 |a ru 
245 1 |a Механика Твердого Тела  |b Практикум  |n Ч. 4  |p Механика Твердого Тела 
260 |a Воронеж  |b ВГУ  |c 2016 
300 |a 19 с. 
504 |a Библиогр.: доступна в карточке книги, на сайте ЭБС Лань 
520 8 |a Практикум подготовлен на кафедре общей физики физического факультета Воронежского государственного университета. Рекомендован студентам 1-го курса очной и 2-го курса очно-заочной форм обучения физического факультета Для направлений: 03.03.02 – Физика, 03.03.03 – Радиофизика, 11.03.04 – Электроника и наноэлектроника, 14.03.02 – Ядерная физика и технология 
521 8 |a Книга из коллекции ВГУ - Физика 
856 4 |u https://e.lanbook.com/book/165321 
856 4 8 |u https://e.lanbook.com/img/cover/book/165321.jpg 
953 |a https://e.lanbook.com/img/cover/book/165321.jpg